Formación cívica y ética I / (Record no. 90445)
[ view plain ]
| 000 -CABECERA | |
|---|---|
| campo de control de longitud fija | 00684nam a2200205 a 4500 |
| 005 - FECHA Y HORA DE LA ÚLTIMA TRANSACCIÓN | |
| campo de control | 20240305063725.0 |
| 008 - ELEMENTOS DE LONGITUD FIJA--INFORMACIÓN GENERAL | |
| campo de control de longitud fija | 020710s2001 mx r 000 0 spa d |
| 020 ## - NÚMERO INTERNACIONAL NORMALIZADO PARA LIBROS | |
| Número Internacional Estándar del Libro | 9706474218 |
| 035 ## - NÚMERO DE CONTROL DEL SISTEMA | |
| Número de control de sistema | UPN01000118054 |
| 049 ## - COLECCIÓN | |
| Colección | LT |
| 050 #4 - SIGNATURA TOPOGRÁFICA DE LA BIBLIOTECA DEL CONGRESO | |
| Número de clasificación | LB1644 M6.1 |
| Número de documento/Ítem | F6.5 |
| 245 00 - MENCIÓN DE TÍTULO | |
| Título | Formación cívica y ética I / |
| Mención de responsabilidad, etc. | Martha Beatríz Cervantes Hesles... [et al.] |
| 260 ## - PUBLICACIÓN, DISTRIBUCIÓN, ETC. | |
| Lugar de publicación, distribución, etc. | Naulcalpan, Edo. de Méx. : |
| Nombre del editor, distribuidor, etc. | Esfinge, |
| Fecha de publicación, distribución, etc. | 2001. |
| 300 ## - DESCRIPCIÓN FÍSICA | |
| Extensión | 112 p. : |
| Otras características físicas | il., fots., col. |
| 650 #4 - ASIENTO SECUNDARIO DE MATERIA - TERMINO TEMATICO | |
| Término de materia o nombre geográfico como elemento de entrada | Civismo |
| Subdivisión general | Estudio y enseñanza (Secundaria) |
| 9 (RLIN) | 1512 |
| 650 #7 - ASIENTO SECUNDARIO DE MATERIA - TERMINO TEMATICO | |
| Término de materia o nombre geográfico como elemento de entrada | Ética |
| Subdivisión general | Estudio y enseñanza (Secundaria) |
| Fuente del encabezamiento o término | |
| 9 (RLIN) | 1511 |
| 700 1# - ASIENTO SECUNDARIO--NOMBRE DE PERSONAL | |
| Nombre de persona | Cervantes Hesles, Martha Beatríz, |
| Término indicativo de función/relación | coaut. |
| 902 ## - ELEMENTOS DE DATOS B LOCAL, LDB (RLIN) | |
| Creó | CAA/mema |
| 905 ## - TIPO DE MATERIAL | |
| Tipo de material | Libro |
| Estado de retiro | Estado de pérdida | Fuente del sistema de clasificación o colocación | Estado dañado | No para préstamo | Código de colección | Localización permanente | Ubicación/localización actual | Ubicación en estantería | Fecha de adquisición | Clasificación | Código de barras | Fecha visto por última vez | Número de copia | Tipo de ítem Koha |
|---|---|---|---|---|---|---|---|---|---|---|---|---|---|---|
| Library of Congress Classification | Disponible (Préstamo en sala) | Libros de texto | Bib. Gregorio Torres Quintero | Bib. Gregorio Torres Quintero | Colecciones especiales Planta alta | 25/05/2023 | LB1644 6.1 M6.1 F6.5 | 191483 | 31/12/2020 | 1 | Libro | |||
| Library of Congress Classification | Disponible (Préstamo en sala) | Libros de texto | Bib. Gregorio Torres Quintero | Bib. Gregorio Torres Quintero | Colecciones especiales Planta alta | 25/05/2023 | LB1644 6.1 M6.1 F6.5 | 13562 | 31/12/2020 | 1 | Libro |
